000 01483nam a2200325 a 4500
001 BRCA_3255
005 20190320204205.0
008 120309s1821----enka---###---#000-0#eng-#
041 _aeng
044 _aenk
084 _a556
_b.W59
_c1821
100 1 _aCervantes Saavedra, Miguel de
_d1547-1616
_9213
245 1 0 _aThe Life and Exploits of Don Quixote de la Mancha
_cTranslated from the Original Spanish of Miguel de Cervantes Saavedra by Charles Jarvis.
260 _aLondres
_bW. Wilson
_c1821
300 _a4 v.
_bil.
_c17 cm.
500 _aContenido : v.1. Primera parte. Prefacio del traductor. Vida de Cervantes extractada de la escrita por Mayáns. Prólogo del autor. -- v.2. Texto. -- v.3. Segunda parte. Prólogo del autor. -- v.4. Texto
500 _aEdición económica de la traducción de Jarvis. Va adornada con 4 láminas grabadas por Wainwright. Piel; Planos orlados, lomos decorados con dorados Lúdovik Osterc
500 _aCon ex-libris de : Daniel Fisher
500 _aQM444
546 _aTexto en : inglés
650 1 4 _aNovela española
_yÉpoca clásica, 1500-1700
_9215
650 1 4 _aLiteratura española
_yÉpoca clásica, 1500-1700
_9216
650 1 4 _aNovela española
_ySiglo XVII
_9217
650 1 4 _aDon Quijote (Personaje ficticio)
_eNovela
_9218
700 1 _aJarvis, Charles
_d?-1739
_eTraductor
_98665
700 1 _aWainwright
_eGrabador
_98666
740 0 _aEl Ingenioso Hidalgo Don Quijote de la Mancha
902 _aQFM
942 _2lcc
_cB
999 _c2991
_d2991